National health program of India: National policies and legislations related to health (Record no. 393675)

MARC details
000 -LEADER
fixed length control field 00569 a2200205 4500
005 - DATE & TIME
control field 20260408164745.0
008 - FIXED-LENGTH DATA ELEMENTS--GENERAL INFORMATION
fixed length control field 260408b |||||||| |||| 00| 0 eng d
020 ## - ISBN
International Standard Book Number 9788196507138
Price Rs. 1300.00
040 ## - CATALOGING SOURCE
Original cataloging agency VIVEKANANDA LIBRARY
082 ## - DDC NUMBER
Classification number 362.10954
Book Number K642N(15)
100 ## - MAIN ENTRY--PERSONAL NAME
Personal name Kishore, J
110 ## - MAIN ENTRY--CORPORATE NAME
Corporate name
245 ## - TITLE STATEMENT
Title National health program of India: National policies and legislations related to health
250 ## - EDITION STATEMENT
Edition statement 15th
260 ## - PUBLICATION, DISTRIBUTION, ETC. (IMPRINT)
Name of publisher, distributor, etc Century Publication
Place of publication, distribution, etc New Delhi
Date of publication, distribution, etc 2025
300 ## - PHYSICAL DESCRIPTION
Pages blic
650 ## - Subject
Subject Public Health
650 ## - Subject
Subject India - Health Care
942 ## - ADDED ENTRY ELEMENTS (KOHA)
Koha item type Books
Holdings
Withdrawn status Lost status Source of classification or shelving scheme Damaged status Not for loan Location (home branch) Sublocation or collection (holding branch) Shelving location Date acquired Koha issues (times borrowed) Koha full call number Accession No. Koha date last seen Koha item type
    Dewey Decimal Classification     VIVEKANANDA LIBRARY VIVEKANANDA LIBRARY Vivekananda Library 25/03/2026   362.10954 K642N(15) 438893 25/03/2026 Books
    Dewey Decimal Classification     VIVEKANANDA LIBRARY VIVEKANANDA LIBRARY Vivekananda Library 25/03/2026   362.10954 K642N(15) 438894 25/03/2026 Books
© Designed and Maintained by Vivekananda Library, MDU Rohtak